000 00432nam a2200169Ia 4500
003 GCL
008 140319s9999 xx 000 0 ara d
040 _aGCL /
_cGCL
082 0 4 _a928.1
_bم ا
245 1 0 _aابوالطيب المتنبى حياته وشعره
260 _a[S.N] :
_bالمكتبة الحديثة
300 _a2710
490 _a
650 0 4 _aالشعراء
650 0 4 _aالمنتبى
942 _2ddc
_cBK
999 _c54640
_d54640